| 000 | 00594nam a2200217 a 4500 | ||
|---|---|---|---|
| 003 | OSt | ||
| 005 | 20150323162355.0 | ||
| 008 | 020226s1995 espa 000 spa d | ||
| 020 | _a84-348-4096-0 | ||
| 040 | _cBMC | ||
| 082 | _a808.068083 | ||
| 100 | 1 |
_aMoser, Erwin _930726 |
|
| 245 | 1 | 4 |
_aLos ratones del desierto _cErwin Moser ; traducción de, Carmen Bas |
| 250 | _a2ª ed | ||
| 260 |
_aMadrid _bSM _cD.L. 1995 |
||
| 300 |
_a75 p. _bil. _c19 cm |
||
| 490 | 0 |
_aEl barco de vapor _v54 |
|
| 650 | 2 | 4 |
_929811 _aCuentos infantiles |
| 700 | 1 |
_930722 _aBas Álvarez, Carmen |
|
| 942 |
_2ddc _cBK |
||
| 999 |
_c17730 _d17730 |
||